000
00201 a2200097 4500
001
84161
090
_c
40047
_d
40046
100
_a
Amjad,Islam Amjad
245
_a
Sapney Baat Nahin Kartay
260
_b
Sang-e-Meel
942
_a
NUST-CAE
999
_c
319234
_d
319234